000
00337nam a2200133Ia 4500
008
240624s9999 xx 000 0 und d
041
_a
eng
082
_a
006.76 HAR
100
_a
HART CHRIS
245
_a
BEGINNING ASP NET 2 0
260
_c
2006
_a
New Delhi
_b
Wiley Dreamtech India
300
_a
xxiii, : 759 : p. : cm. ; 24
365
_c
RS
999
_c
3781
_d
3781